01339nam a2200337Ia 4500001001200000003000800012006001900020007001500039008004100054010001700095020004300112020004000155020001800195040002100213035002100234050002500255082001600280245015500296260004300451300002200494504005100516533015200567650002300719650001900742655002900761700002900790700001800819700002100837710001700858856012600875ebr10700675CaPaEBRm o u cr cn|||||||||130225s2013 njua sb 001 0 eng d z 2013007836 z9789814412452 (hardcover : alk. paper) z9814412457 (hardcover : alk. paper) z9789814412469 aCaPaEBRcCaPaEBR a(OCoLC)84293267214aQP355.2b.B73 2013eb04a612.8/222300aBrains top downh[electronic resource] :bis top-down causation challenging neuroscience? /c[edited by] Gennaro Auletta, Ivan Colage, Marc Jeannerod. aNew Jersey :bWorld Scientific,c2013. ax, 365 p. :bill. aIncludes bibliographical references and index. aElectronic reproduction.bPalo Alto, Calif. :cebrary,d2013.nAvailable via World Wide Web.nAccess may be limited to ebrary affiliated libraries. 0aBrainxPhysiology. 0aNeurosciences. 7aElectronic books.2local1 aAuletta, Gennaro,d1957-1 aColage, Ivan.1 aJeannerod, Marc.2 aebrary, Inc.40uhttp://site.ebrary.com/lib/rucke/Doc?id=10700675zAn electronic book accessible through the World Wide Web; click to view